Anteproyecto de rehabilitación del hospital escuela regional Santiago, de la Ciudad de Jinotepe – Carazo, para los próximos 5 años
El siguiente trabajo monográfico trata del desarrollo del anteproyecto de rehabilitación del Hospital Escuela Santiago de la ciudad de Jinotepe Carazo, formulando un estudio histórico, geográfico y legal de la infraestructura de la hospitalaria.
| Main Authors: | , |
|---|---|
| Other Authors: | |
| Format: | Tesis Section = Libro |
| Language: | Undetermined Spanish |
| Published: |
Managua
UNI
2022
|
| Subjects: |
| LEADER | 01179nam a2200253Ia 4500 | ||
|---|---|---|---|
| 008 | 240830s9999 xx 000 0 und d | ||
| 040 | |a BIBLIOTECA-RUSB/ Mon 725.52 D259 | ||
| 041 | |a spa | ||
| 082 | |a Mon 725.52 D259 | ||
| 100 | 1 | |a Dávila Hernández, Kevin Miguel | |
| 100 | 1 | |b Romero Navarrete, María Fernanda | |
| 245 | 1 | 0 | |a Anteproyecto de rehabilitación del hospital escuela regional Santiago, de la Ciudad de Jinotepe – Carazo, para los próximos 5 años |
| 260 | |a Managua |b UNI |c 2022 | ||
| 300 | |a 162 p. :il. | ||
| 500 | |a Contiene: anexos y CD. | ||
| 502 | |a Tesis (Arquitecto) - UNI, 2022. | ||
| 520 | 3 | |a El siguiente trabajo monográfico trata del desarrollo del anteproyecto de rehabilitación del Hospital Escuela Santiago de la ciudad de Jinotepe Carazo, formulando un estudio histórico, geográfico y legal de la infraestructura de la hospitalaria. | |
| 650 | 7 | |a EDIFICIO HOSPITAL - ESCUELA REGIONAL SANTIAGO, DE LA CIUDAD DE JINOTEPE, CARAZO - DISEÑO Y CONSTRUCCION. | |
| 650 | 7 | |b ARQUITECTURA-DISEÑOS Y PLANOS. | |
| 650 | 7 | |c DETALLES ARQUITECTONICOS | |
| 700 | 1 | |a Tutor: |b Cardoza, Uriel | |
| 942 | |c BK |2 ddc | ||
| 991 | |a TESIS | ||
| 999 | |c 22303 | ||